| 000 | 00757nam a2200217 a 4500 | ||
|---|---|---|---|
| 001 | 000021292 | ||
| 005 | 20200930011304.0 | ||
| 008 | 100903s1980 mx r 000 | spa d | ||
| 040 |
_aDO-SdBNP _bspa _cBNPHU |
||
| 082 |
_a330.98 _bR484d, 1980 |
||
| 100 | 1 |
_aRibeiro, Darcy _944495 |
|
| 245 | 1 | 3 |
_aEl dilema de américa latina : _bestructuras de poder y fuerzas insurgentes / _cDarcy Ribeiro. |
| 250 | _a9a ed. | ||
| 260 |
_aMéxico D. F. : _bSiglo Veintiuno Editores, _c1980. |
||
| 300 |
_a358 p. ; _c18 cm. |
||
| 500 | _aIncluye referencias bibliográficas | ||
| 650 | 4 |
_aAmérica latina _xCondiones económica _944496 |
|
| 650 | 4 |
_aAmérica latina _xCondiciones sociales _931098 |
|
| 650 | 4 |
_aAmérica latina _xPolítica y gobierno _944497 |
|
| 049 | _aBNGR | ||
| 999 |
_c20792 _d20792 |
||